[Event "United Insurance 6th"]
[Site "Dhaka"]
[Date "2003.03.11"]
[Round "4"]
[White "Reefat, Bin Sattar"]
[Black "Hossain, Enamul"]
[Result "0-1"]
[WhiteElo "2451"]
[BlackElo "2451"]
[Annotator "Huzman,A"]
[PlyCount "88"]
[EventDate "2003.03.08"]
[EventType "tourn"]
[EventRounds "13"]
[EventCountry "BAN"]
[EventCategory "9"]
[SourceTitle "CBM 095"]
[Source "ChessBase"]
[SourceDate "2003.07.25"]
[SourceVersion "1"]
[SourceVersionDate "2003.07.25"]
[SourceQuality "1"]

1. e4 e5 2. Nf3 Nf6 3. d4 Nxe4 4. Bd3 d5 5. Nxe5 Nd7 6. Nc3 Nxe5 7. dxe5 Bb4 8.
O-O Bxc3 9. bxc3 Be6 10. Qe1 $146 (10. f4 Qd7 (10... f5 11. exf6 Qxf6 12. Bxe4
dxe4 13. Qh5+ Qf7 14. Qb5+ c6 15. Qb4 Bd5 16. a4 b6 17. a5 c5 18. Qa4+ Qd7 19.
axb6 Qxa4 20. Rxa4 axb6 $11 {1/2-1/2 Palac,M-Arkhipov,S/Belgrade 1988/TD (26)})
11. Qf3 g6 12. c4 Nc5 13. Be2 Qc6 (13... dxc4 14. Ba3 Bd5 15. Qe3 Ne6 16. Rad1
Qc6 17. Qf2 Rd8 18. Qh4 $44 {0-1 Kondou,E-Heintze,M/Novi Sad 1990/EXT 97 (31)})
14. Rd1 O-O-O 15. Ba3 Na4 16. Qe3 Nb6 17. cxd5 Bxd5 18. Be7 Rd7 19. Bg4 Be6 20.
Bf3 Qa4 21. Rxd7 Bxd7 22. Qe4 Qxe4 23. Bxe4 Re8 $11 {1/2-1/2 Sax,G-Nikolic,P/
Brussels 1988/CBM 07 (39)}) (10. a4 Nxc3 11. Qe1 d4 12. f4 g6 13. Bd2 Qd7 14.
a5 O-O-O 15. Qf2 Kb8 16. h3 Bf5 17. Qf3 Qd5 $15 {0-1 Szymanski,A-Janik,K/
Krynica 1994/EXT 98 (47)}) (10. c4 $6 Nc5 11. cxd5 Qxd5 12. Bb5+ c6 13. Qxd5
Bxd5 14. Be2 O-O-O 15. Be3 b6 16. Bxc5 bxc5 17. f4 Kc7 $132 {[%cal Yd8b8,Yb8b2]
1/2-1/2 Oral,T-Turov,M/Montreal 2001/CBM 85/[Huzman] (42)}) 10... Nc5 (10...
Qd7 $5 11. Bxe4 dxe4 12. Qxe4 Bd5 $44) 11. Bb5+ (11. Qe3 $5 b6 (11... Nxd3 12.
cxd3 Qe7 13. Qg3 O-O-O 14. Re1 $14) 12. Qg3 $36 (12. Ba3 Nxd3 13. cxd3 Qh4 14.
f4 Bf5 $11)) 11... c6 12. Ba3 $1 Nd7 13. Bd3 c5 14. f4 g6 (14... Qa5 15. f5
Qxa3 16. fxe6 fxe6 17. Qh4 $40) 15. c4 $1 (15. f5 gxf5 16. Bxf5 Qg5 $15 {
/\17...0-0-0}) 15... Qc7 (15... dxc4 16. Be4 Qc7 17. Rb1 Rb8 18. f5 gxf5 19.
Bxf5 $40) 16. cxd5 Bxd5 17. c4 Be6 18. Rb1 O-O-O 19. Be4 b6 20. Bd5 $16 Rhe8
21. Qc3 $6 (21. Qh4 $1 Nf8 22. Rbd1 Rd7 23. Bb2 Red8 24. Qh6 $1 $16) 21... g5
$1 22. Bb2 (22. Bc1 $142 Nf8 23. Qf3 (23. a4 $5 Bxd5 $140 24. cxd5 Rxd5 25. a5
$44) 23... Ng6 $132) 22... gxf4 23. Rfe1 (23. Rbe1 Nf8 $15) 23... Nf8 24. Rbd1
Ng6 $15 25. a4 a5 $1 26. Qb3 Kb8 27. Bc3 Ka7 28. Rb1 Rb8 29. Qd1 Red8 30. Qf3
$2 (30. Rb2 $1 Rd7 31. Rd2 Rbd8 32. Qf3 $44) 30... Qd7 $19 31. Red1 $2 (31. Be4
$142 Bxc4 (31... Qxa4 32. Ra1 Qxc4 33. Bxa5 bxa5 34. Rxa5+ Kb6 35. Qa3 $40) 32.
Rbd1 Qe8 $17) 31... Bg4 32. Qf2 Bxd1 33. Rxd1 Qg4 (33... Re8 34. Re1 Qc7 $17)
34. Re1 f3 35. Qxf3 (35. Bxf3 Qxc4 $19) 35... Qxf3 36. gxf3 Rd7 37. Re4 Ne7 $2
(37... Rf8 $142 38. Kf2 Ne7 $19) 38. Bxf7 Rd3 39. Be1 (39. Bb2 Rxf3 40. e6 $44)
39... Rxf3 40. Bd5 $2 (40. e6 Rb7 41. Bg3 Nf5 42. Be5 $44) 40... Re8 $1 (40...
Nxd5 41. cxd5 Rd3 42. d6 Re8 43. Bh4 Kb7 44. Bf6 Kc6 45. Rh4 $132) 41. Bg3 $2 (
41. Kg2 Ra3 42. Bf7 Rd8 43. e6 $132) 41... Nxd5 42. cxd5 Rd3 $19 43. Rh4 (43.
d6 Rxd6 $19) 43... Rxd5 44. Rxh7+ Ka6 0-1

[Event "Capablanca Memorial Elite 32nd"]
[Site "Cienfuegos"]
[Date "1997.05.09"]
[Round "4"]
[White "Leko, Peter"]
[Black "Miles, Anthony John"]
[Result "1/2-1/2"]
[WhiteElo "2600"]
[BlackElo "2550"]
[Annotator "Jacoby,G"]
[PlyCount "41"]
[EventDate "1997.05.05"]
[EventType "tourn"]
[EventRounds "11"]
[EventCountry "CUB"]
[EventCategory "12"]
[SourceTitle "CBM 059"]
[Source "ChessBase"]
[SourceDate "1997.08.01"]
[SourceVersion "1"]
[SourceVersionDate "1997.08.01"]
[SourceQuality "1"]

1. e4 e5 2. Nf3 Nf6 3. d4 Nxe4 4. Bd3 d5 5. Nxe5 Nd7 6. Nxd7 Bxd7 7. O-O Qh4 $6
8. c4 Nf6 (8... g5 $5 {main line}) (8... g6) 9. Nc3 (9. Qe2+ Be7 10. cxd5 Nxd5
(10... Qxd4 $5) 11. Be4 Bc6 12. Nc3 O-O-O 13. Qf3 $16 Nxc3 14. Bxc6 Ne2+ 15.
Qxe2 bxc6 16. Be3 Rd6 17. Rac1 Rg6 18. g3 Qe4 19. Qa6+ Kd7 20. d5 cxd5 21. Qb5+
Kc8 22. Bxa7 Bd6 23. Qb8+ Kd7 24. Qxh8 {1-0 Leko,P-Horvath,J/Budapest FS04 GM
1993/EXP 36}) 9... dxc4 10. Qe2+ Be7 11. Bxc4 Qxd4 12. Rd1 (12. Re1 O-O $1 13.
Qxe7 Qxc4 $17) 12... Qh4 13. g3 (13. Nd5 $142 Nxd5 14. Bxd5 $132) 13... Qh3 14.
Bf4 (14. Nd5 $5) (14. f4 $4 {Dieser Eingabefehler wurde im Bulletin
veröffentlicht.} O-O $4 {Bulletin. Dieser Zug führt zu lustigen Varianten.} (
14... Bg4 $1 15. Qf1 Bc5+ 16. Kh1 Bxd1 17. Qxd1 (17. Qxh3 Bf3+ 18. Qg2 Bxg2+
19. Kxg2 Rd8 $19) 17... O-O $19) 15. Qxe7 Rae8 16. Rxd7 $142 $1 (16. Qc5 $4 Ng4
17. Bd5 (17. Be2 Qxh2+ 18. Kf1 Bb5 $3 $19) 17... Bc6 (17... Qxh2+ 18. Kf1 Bb5+
$1 19. Nxb5 Qe2+ 20. Kg1 Qxd1+ 21. Kg2 Re2+ 22. Qf2 Rxf2+ 23. Kh3 Rh2#) 18. Bd2
(18. Bxc6 bxc6 $19) (18. Ne4 Qxh2+ 19. Kf1 Bb5+ 20. Qxb5 Rxe4 $19) 18... Qxh2+
19. Kf1 Qh3+ 20. Kg1 Qh2+ (20... Qxg3+ $1 21. Kf1 Nh2#) 21. Kf1 (21. Kf1 Qh3+
22. Kg1 Qxg3+ 23. Kf1 Nh2#)) 16... Qxd7 (16... Rxe7 17. Rxe7 Ng4 18. Re2 $16)
17. Qxd7 Nxd7 $14 18. b3 (18. Kf2)) 14... O-O 15. Qxe7 Rae8 16. Qc5 (16. Rxd7
$4 Rxe7 17. Rxe7 Ng4 $19 {[%csl Ya1,Rf2][%cal Yh3h2,Yh2h1,Yh1g1,Yf1e1]} 18. Nd1
Rd8) 16... Ng4 17. Bd5 Bc6 18. Rd2 Qxh2+ 19. Kf1 Qh3+ 20. Kg1 Qh2+ 21. Kf1
1/2-1/2

[Event "Bundesliga 9596"]
[Site "Germany"]
[Date "1996.??.??"]
[Round "?.1"]
[White "Shirov, Alexei"]
[Black "Jussupow, Artur"]
[Result "1/2-1/2"]
[WhiteElo "2690"]
[BlackElo "2655"]
[Annotator "Jussupow,A"]
[PlyCount "82"]
[EventDate "1995.10.14"]
[EventType "team-tourn"]
[EventRounds "15"]
[EventCountry "GER"]
[SourceTitle "GER-chT"]
[Source "ChessBase"]
[SourceDate "1999.07.01"]
[SourceVersion "1"]
[SourceVersionDate "1999.07.01"]
[SourceQuality "1"]
[WhiteTeam "Empor Berlin"]
[BlackTeam "Solingen"]
[WhiteTeamCountry "GER"]
[BlackTeamCountry "GER"]

1. e4 e5 2. Nf3 Nf6 3. d4 Nxe4 4. Bd3 d5 5. Nxe5 Bd6 6. O-O O-O 7. c4 Nc6 8.
Nxc6 bxc6 9. c5 Be7 10. Nc3 (10. f3 {-CBM50/Kasparov-Yusupov/Horgen/1995})
10... Bf5 $5 $146 (10... f5 11. Ne2 Bf6 12. Qa4 Bd7 13. f3 Ng5 14. Nf4 Qe7 15.
Bd2 $14 {Timman-Yusupov/Linares/cm(8)/1992/-54/286}) (10... Bf6 11. Qc2 $1 $14
{-CBM50/Ivanchuk,V-Yusupov,A/Horgen 1995}) 11. Qc2 (11. Qf3 Bg6 12. Nxe4 dxe4
13. Bxe4 Qxd4 14. Bxc6 (14. Bxg6 hxg6 15. Qxc6 Qxc5 16. Qxc5 Bxc5 17. Bf4 Bd4
18. Rab1 c5 (18... Rfe8 $10)) 14... Rab8) 11... Bg6 12. Nxe4 (12. Ne2 $5 Ng5
$14) 12... dxe4 13. Bxe4 Qxd4 14. Bxg6 hxg6 15. Be3 Qb4 $1 (15... Qd5 16. Rfd1
Qe6 $14) 16. a3 Qb5 $10 17. Bd4 (17. b4 a5 $132) 17... Bf6 18. Bxf6 gxf6 19.
Qc3 Kg7 20. Rae1 $6 (20. b4 $142 a5 21. Rab1 $10) (20. g4 $6 Qe2 $1) 20... Rad8
$1 {/\Rd3} 21. Re3 (21. Re7 Rfe8 $1 22. Rxc7 $140 $4 Qxf1+ $1 $19) 21... Rd5
22. b4 (22. Rf3 Re5 23. Rxf6 $140 $4 Kxf6 24. f4 Qxc5+ $19) 22... Rfd8 $15 23.
h3 (23. Rf3 $140 Re5 24. Rxf6 $4 Qxf1+ $1 $19) 23... Rd3 24. a4 $1 Qa6 (24...
Rxc3 25. axb5 Rxe3 26. fxe3 cxb5 27. Ra1 $10) 25. b5 Rxc3 (25... cxb5 26. Rxd3
b4 27. Qxb4 $10) 26. bxa6 Rxe3 (26... Rxc5 27. Rb1 $1 {/\Rb7=/+}) 27. fxe3 Rd5
28. Rb1 $1 Rxc5 29. Rb7 Ra5 30. Rxa7 Rxa4 31. g4 $5 Ra2 32. Kf1 g5 33. Ke1 Kf8
34. Kd1 Ke8 35. Ra8+ Kd7 36. a7 (36. Kc1 $142 c5 37. Kb1 Ra5 38. a7 Kc6 39. Rf8
$15) 36... c5 37. Kc1 Kc6 38. Rf8 Rxa7 39. Rxf7 Ra2 $6 (39... Ra1+ $142 $15 40.
Kd2 $1 Ra2+ $140 41. Kd1 Rf2 42. Ke1 Rf3 43. Ke2 Rxh3 44. Rxf6+ Kb5 45. Rf5 Kb4
46. Rxg5 c4 47. Rg7) 40. Rxf6+ Kb5 41. Rf5 Rh2 $10 1/2-1/2

[Event "Horgen"]
[Site "Horgen"]
[Date "1995.10.24"]
[Round "4"]
[White "Kasparov, Garry"]
[Black "Jussupow, Artur"]
[Result "1/2-1/2"]
[WhiteElo "2795"]
[BlackElo "2680"]
[Annotator "Jussupow,A"]
[PlyCount "40"]
[EventDate "1995.10.??"]
[EventType "tourn"]
[EventRounds "11"]
[EventCountry "SUI"]
[EventCategory "17"]
[SourceTitle "CBM 050"]
[Source "ChessBase"]
[SourceDate "1996.02.01"]
[SourceVersion "1"]
[SourceVersionDate "1996.02.01"]
[SourceQuality "1"]

1. e4 e5 2. Nf3 Nf6 3. d4 Nxe4 4. Bd3 d5 5. Nxe5 Bd6 6. O-O Nc6 7. Nxc6 bxc6 8.
c4 (8. Re1 Bxh2+ $10) (8. Qe2 $6 O-O 9. Bxe4 Qh4 $1 $44) 8... O-O (8... Qh4 9.
g3 Qh3 10. c5 $14) 9. c5 (9. Nc3 Nxc3 10. bxc3 dxc4 $10) 9... Be7 10. f3 $6 (
10. Nc3 $142 {-Ivanchuk-Yusupov/Horgen/1995}) (10. Nd2 Bf6 11. Nb3 Re8 (11...
a5 12. a4 Qd7 $10 {/\Ba6,Rfb8/Forintos, Haag}) 12. Qc2 a5 13. a4 Ba6 14. Bxa6
Rxa6 15. Re1 $2 Nxc5 $1 $17 {Kasperski-Bysina/Poland/corr/1991}) 10... Ng5 11.
Nc3 Re8 $1 (11... Bf6 12. Be3 Re8 13. Bf2 Rb8 14. Qc2 g6 15. a3 Ne6 16. Ne2 Ng7
17. g4 $14 {Lupy-Delanoy/Torcy/1991}) (11... f5 $6 12. Be3 Ne6 13. b4 f4 14.
Bf2 Bh4 15. b5 Bd7 16. Qc2 $14 {Matulovic-Zuidema/Hamburg/1965}) 12. Qa4 (12.
Be3 $2 Bxc5) (12. f4 Ne6 (12... Ne4 13. Nxe4 dxe4 14. Bxe4 $16) 13. Be3 $140
Bf6 14. Ne2 Nxc5) 12... Bd7 (12... Bf6 13. Qxc6 Rb8 (13... Bxd4+ $2 14. Kh1 Ne6
15. Qxa8 $18) 14. Kh1 $16) 13. Bd2 (13. f4 Ne4 14. Nxe4 dxe4 15. Bxe4 Bf6 16.
Bf3 Bf5 17. Bxc6 Be4 $1 18. Bxe8 Bxd4+ 19. Kh1 Qd5 $40) 13... Rb8 $1 14. Rab1
Bf6 15. Kh1 h5 (15... a5 $6 16. Ne2) 16. Ne2 h4 17. h3 $15 Qc8 (17... g6 $1 $15
{/\Ne6-g7-f5}) 18. Ba6 Qd8 19. Bd3 Qc8 20. Ba6 Qd8 1/2-1/2

[Event "Candidates sf2"]
[Site "Linares"]
[Date "1992.??.??"]
[Round "8"]
[White "Timman, Jan H"]
[Black "Jussupow, Artur"]
[Result "1-0"]
[WhiteElo "2620"]
[BlackElo "2655"]
[Annotator "Jussupow,A"]
[PlyCount "97"]
[EventDate "1992.04.??"]
[EventType "match"]
[EventRounds "10"]
[EventCountry "ESP"]
[SourceTitle "Candidates"]
[Source "ChessBase"]
[SourceDate "1999.07.01"]
[SourceVersion "2"]
[SourceVersionDate "1999.07.01"]
[SourceQuality "1"]

1. e4 {Schussler} e5 2. Nf3 Nf6 3. d4 Nxe4 4. Bd3 d5 5. Nxe5 Bd6 6. O-O Nc6 $5
7. Nxc6 bxc6 8. c4 O-O 9. c5 (9. Nc3 f5 10. f3 {10.c5 Be7 - see the game} Ng5
11. Be3 Be6 {Parma-Trifunovic, Beograd 1964 ECO}) 9... Be7 10. Nc3 (10. f3 Ng5
11. Nc3 f5 $5 $10 {Forintos, Haag}) (10. Qc2 f5 $10 {Forintos, Haag}) (10. Nd2
Bf6 (10... Nxd2 $6 11. Bxd2 Bf6 12. Bc3 a5 13. Bc2 Qd7 14. h3 g6 15. Re1 $16 {
Geller-Naranja, Palma de Mallorca izt 1970 10/263 ECO}) (10... Bf5 {
Aitken-Hooper, Felixstowe 1949} 11. Nb3 Qd7 $10 {Forintos, Haag}) 11. Nxe4 (11.
Nb3 a5 12. a4 Qd7 $10 {/\ Ba6, Rfb8 Forintos, Haag}) 11... dxe4 12. Bxe4 Ba6 $5
(12... Qxd4 13. Qc2 $14 {ECO}) 13. Bxc6 Rb8 14. Re1 Bxd4 $10 {Keres}) 10... f5
(10... Bf6 $5 11. Be3 {+/= Forintos, Haag}) 11. Ne2 (11. f3 Ng5 12. Qa4 $1 (12.
Be3 Ne6 $10 {Forintos, Haag}) 12... Qd7 13. Bf4 $14 {Forintos, Haag} (13. Ne2
Ne6 14. Nf4 Nd8 15. Re1 Bf6 $10 {Schmid-Krebs, corr 1951/52})) 11... Bf6 12.
Qa4 $14 {Rumens-Milner Barry, British ch 1978} Bd7 13. f3 Ng5 14. Nf4 Qe7 15.
Bd2 (15. Nh5 $14) 15... g6 16. Rae1 Qg7 17. Bc3 h5 (17... a5 $142 $5 $14) 18.
Ba6 $1 Rab8 19. Nd3 h4 20. Ne5 $16 f4 $6 21. h3 Rbe8 22. Bd3 Bxe5 23. Rxe5 Rxe5
24. dxe5 Qe7 25. Qxa7 Ne6 (25... Nxh3+ 26. gxh3 Qg5+ 27. Kf2 Qg3+ 28. Ke2 Bxh3
29. Rf2 $18) 26. b4 Qg5 27. Kh1 Kh7 28. a4 Rf7 29. b5 d4 30. Bb4 Ng7 31. Rg1
Bf5 (31... cxb5 $142) 32. Bc4 Re7 33. Qb8 Nh5 34. Qg8+ Kh6 35. Be1 Ng3+ 36. Kh2
Rg7 (36... cxb5 $142) 37. Qh8+ Rh7 38. Qf8+ Kh5 39. b6 cxb6 40. cxb6 d3 41. Qf6
$18 Ne2 42. Rf1 Nd4 43. a5 Nc2 44. Qxg5+ Kxg5 45. a6 Ne3 46. Rf2 Bc8 47. Bxd3
Rd7 48. a7 Bb7 49. Ba6 {Yusupov, Dvoretsky} 1-0

[Event "Belgrade GMA op"]
[Site "Belgrade"]
[Date "1988.??.??"]
[Round "?"]
[White "Makarichev, Sergey"]
[Black "Ye, Rongguang"]
[Result "0-1"]
[WhiteElo "2500"]
[BlackElo "2375"]
[Annotator "Jussupow,A"]
[PlyCount "158"]
[EventDate "1988.12.??"]
[EventType "swiss"]
[EventRounds "9"]
[EventCountry "YUG"]
[SourceTitle "TD"]
[Source "ChessBase"]
[SourceDate "1994.03.01"]
[SourceVersion "1"]
[SourceVersionDate "1994.03.01"]
[SourceQuality "1"]

1. e4 e5 2. Nf3 Nf6 3. d4 Nxe4 4. Bd3 d5 5. Nxe5 Nd7 6. Nxd7 Bxd7 7. O-O Qh4 8.
c4 O-O-O 9. c5 g5 10. Be3 $5 Re8 (10... Bg7 11. f3 Nf6 12. Bf2 $14) (10... f5
11. f3 Nf6 $132) 11. f3 $8 (11. Nc3 Re6 $1 {/\ R h6->>>}) (11. Nd2 Bg7 12. Nf3
Qh5 13. Nxg5 Qxd1 14. Raxd1 Nxg5 15. Bxg5 Bxd4 16. c6 $1 Bg4 $1 17. Bf5+ $10)
11... Nf6 (11... Nxc5 $2 12. Bf2) 12. Bf2 Qh6 $1 (12... Qh5 13. Nc3 g4 14. fxg4
Nxg4 15. h3 $16) 13. Nc3 (13. Qd2 Nh5 $13) 13... g4 14. f4 $1 (14. Rc1 Rg8 $1
15. f4 $2 g3 16. Bxg3 Rxg3 $1 17. hxg3 Ng4 $19) 14... g3 $1 (14... Qxf4 15. Bh4
$1 Qxd4+ 16. Kh1 Ne4 $1 17. c6 $1 Be6 $8 18. Nb5 Qb6 19. Rc1 $1 Kb8 $8 20. cxb7
c6 21. Bxe4 Qxb5 22. Bd3 Qxb7 23. Bg3+ Ka8 24. Qa4 $16 {-><<}) 15. Bxg3 Rg8 {
/\ R g3} 16. Qf3 (16. Qf3) 16... Bg4 (16... Nh5 $5 17. Qxd5 Bc6 18. Qf5+ Kb8
19. Be4 $1 (19. Rae1 $2 Bg7 $3 $44) 19... Nxg3 20. hxg3 Qg7 21. Bxc6 Qxd4+ 22.
Kh2 bxc6 23. Rad1 (23. Qxf7 Bxc5 24. Rad1 Qe3 25. Rf3 Qe6 $1 $13 26. Rd8+ $2
Kb7 $3 $19) 23... Qxc5 24. Qxc5 $14) 17. Qf2 Ne4 18. Bxe4 dxe4 19. Rfe1 f5 20.
d5 Qa6 21. Qe3 Qc4 22. Bf2 Bf3 23. g3 Rd8 24. Rac1 Qa6 25. d6 c6 26. b4 Bg7 27.
b5 Qa5 28. Qd2 Bxc3 29. Rxc3 Qxb5 30. Rb3 Qa6 31. Qb2 Kb8 32. Ra3 Qc4 33. Qf6
Rdf8 34. Qe5 Ka8 35. d7 Rb8 36. Qc7 Be2 37. Qe5 Bd3 38. Qxf5 Rbd8 39. Qxh7 Rh8
40. Qg7 Qd5 41. Qc3 a6 42. Ra4 Rh7 43. Rd4 Qxa2 44. h4 Qg8 45. f5 Rg7 46. Kg2
Rgxd7 47. Rxd7 Rxd7 48. Qe5 Rd5 49. Qf4 e3 50. Qxe3 Bxf5 51. Qe8+ Qxe8 52.
Rxe8+ Ka7 53. h5 a5 54. h6 Rd7 55. Re5 Bc2 56. g4 Ka6 57. g5 a4 58. Re6 Rd5 59.
Bh4 Rd4 60. Bg3 Rg4 61. Re5 a3 62. Re3 a2 63. Ra3+ Ra4 64. Rxa4+ Bxa4 65. Be5
Bc2 66. Kf2 Kb5 67. Ke3 Kxc5 68. Kd2 Bf5 69. Kc1 Kd5 70. Bf6 Kc4 71. Kb2 a1=Q+
72. Kxa1 Kb3 73. g6 Bxg6 74. Be7 b6 75. Bd6 Bh7 76. Be7 Bd3 77. Bh4 b5 78. Be7
b4 79. Bd6 Bg6 0-1

[Event "Candidates sf2"]
[Site "Linares"]
[Date "1992.??.??"]
[Round "6"]
[White "Timman, Jan H"]
[Black "Jussupow, Artur"]
[Result "1-0"]
[WhiteElo "2620"]
[BlackElo "2655"]
[Annotator "Jussupow,A"]
[PlyCount "103"]
[EventDate "1992.04.??"]
[EventType "match"]
[EventRounds "10"]
[EventCountry "ESP"]
[SourceTitle "Candidates"]
[Source "ChessBase"]
[SourceDate "1999.07.01"]
[SourceVersion "2"]
[SourceVersionDate "1999.07.01"]
[SourceQuality "1"]

1. e4 {Ernst} e5 2. Nf3 Nf6 3. d4 Nxe4 4. Bd3 d5 5. Nxe5 Bd6 6. O-O O-O 7. c4
Bxe5 8. dxe5 Nc6 9. cxd5 Qxd5 10. Qc2 Nb4 11. Bxe4 Nxc2 12. Bxd5 Bf5 13. g4
Bxg4 14. Be4 Nxa1 15. Bf4 f5 16. Bd5+ Kh8 17. Rc1 c6 18. Bg2 Rfd8 19. Nd2 h6 (
19... Rxd2 $1 {Ernst} 20. Bxd2 Rd8 21. Bc3 Rd1+ 22. Rxd1 Bxd1 23. f4 Nc2 24.
Kf2 Kg8 25. a4 a5 $1 26. Bxa5 Nd4 27. Bf1 Bb3 $10 {Kasparov - Anand, Linares
1991.}) 20. h4 Rd3 21. Bf1 $1 {21.Ra1 - Timman,J-Yusupov,A (02)/Linares csf2/
1992/} Rd4 22. Be3 Rd5 23. Rxa1 $1 (23. f4 Rad8 24. e6 R8d6 $1 $13 (24... Rxd2
$2 25. e7 $18)) 23... Rxe5 24. Nc4 Rd5 (24... Re6 25. f4 $1 {/\ Ne5} Re4 $6 26.
Bd3 $1 (26. Kf2 Rd8 27. Ne5 Bh5 $16 {/\ g5}) 26... Rae8 27. Kf2 $1 $18 (27.
Bxe4 $2 Rxe4 28. b3 b5 $15)) 25. Bg2 Rb5 (25... Rd1+ 26. Rxd1 Bxd1 27. Na5 Bc2
$5 28. b3 $1 $18 (28. Nxb7 Rb8 29. Bxc6 Be4 30. Bxe4 $1 (30. Bxa7 $2 Rxb7 (
30... Ra8) 31. Bxb7 Bxb7 $10) 30... fxe4 31. Nc5 Rxb2 32. a4 $16)) 26. Re1 $1
$16 Rd8 $6 (26... a5 $142 27. Bd4 {/\ Re7} Rb4 {/\b5+/-}) 27. Bxa7 Rd1 28. Rxd1
Bxd1 29. Bd4 f4 30. Be4 $1 $18 (30. Ne5 f3 $1 31. Nxf3 (31. Bxf3 Rxe5 $10)
31... Bxf3 (31... Rh5 32. Ne5 Bc2 $14) 32. Bxf3 Rb4 $14) 30... Rb4 31. b3 Be2
32. Bc3 Rb5 33. Nd6 Rh5 34. f3 $1 Ba6 35. Nf5 Kg8 36. Nxg7 Rxh4 37. Bf5 Be2 38.
Be6+ Kh7 39. Bf5+ Kg8 40. Kg2 c5 41. Bf6 Bxf3+ 42. Kxf3 Rh2 43. a4 Kf7 44. Be5
Ke7 45. Ne6 Rh5 46. Kxf4 Rh4+ 47. Ke3 c4 48. b4 h5 49. a5 Rh1 50. Nf4 Rc1 51.
Kd2 Rf1 52. Be4 1-0

[Event "Candidates sf2"]
[Site "Linares"]
[Date "1992.??.??"]
[Round "2"]
[White "Timman, Jan H"]
[Black "Jussupow, Artur"]
[Result "1/2-1/2"]
[WhiteElo "2620"]
[BlackElo "2655"]
[Annotator "Jussupow,A"]
[PlyCount "61"]
[EventDate "1992.04.??"]
[EventType "match"]
[EventRounds "10"]
[EventCountry "ESP"]
[SourceTitle "Candidates"]
[Source "ChessBase"]
[SourceDate "1999.07.01"]
[SourceVersion "2"]
[SourceVersionDate "1999.07.01"]
[SourceQuality "1"]

1. e4 e5 2. Nf3 Nf6 3. d4 Nxe4 4. Bd3 d5 5. Nxe5 Bd6 6. O-O O-O 7. c4 Bxe5 8.
dxe5 Nc6 9. cxd5 Qxd5 10. Qc2 Nb4 11. Bxe4 Nxc2 12. Bxd5 Bf5 13. g4 Bxg4 14.
Be4 Nxa1 15. Bf4 f5 16. Bd5+ Kh8 17. Rc1 c6 18. Bg2 {18.Be6 - Oll-Khalifman,
Vilnius 1988} Rfd8 (18... Rad8 $2 19. Nc3 Rd4 20. Be3 Rb4 21. Bc5 $18) 19. Nd2
(19. f3 {Sax-Yusupov, Thessaloniki ol 1988}) 19... h6 (19... Rxd2 20. Bxd2 Rd8
{Kasparov-Anand, Linares 1991}) 20. h4 Rd3 21. Rxa1 {21.Bf1! - Timman-Yusupov 
(6), Linares cmsf 1992} g5 $1 (21... Rad8 22. Nc4 $16) 22. hxg5 hxg5 23. Bxg5
Rg8 24. Bf6+ (24. Nf1 $2 Rxg5 25. f4 Rg7 26. Kf2 Rd4 27. Ke3 Rgd7 28. Re1 Rd3+
29. Kf2 R7d4 {0:1 Rozentalis-Gelfand, Vilnius 1988 45/(359)}) 24... Kh7 25. Nf1
f4 $1 (25... Bf3 $2 26. Ng3 f4 27. Bxf3 Rxf3 28. Kg2 Rd3 29. Rh1+ Kg6 30. Ne4
Kf5+ 31. Ng5 {+/-/+-} Rxg5+ 32. Bxg5 Kxg5 33. Re1 $18) 26. Kh2 (26. Ng3 Kh6 $5)
26... Rg6 $1 $10 (26... Bf3 27. Bh3 Bg4 28. Bxg4 Rxg4 29. Kh1 $1 $16 {/\ Nh2
Rozentalis}) 27. Re1 (27. Be4 $2 Rh3+) 27... Rh6+ 28. Kg1 Rg6 29. Kh2 Rh6+ 30.
Kg1 Rg6 31. Kh2 1/2-1/2

[Event "Candidates sf2"]
[Site "Linares"]
[Date "1992.??.??"]
[Round "4"]
[White "Timman, Jan H"]
[Black "Jussupow, Artur"]
[Result "1-0"]
[WhiteElo "2620"]
[BlackElo "2655"]
[Annotator "Jussupow,A"]
[PlyCount "62"]
[EventDate "1992.04.??"]
[EventType "match"]
[EventRounds "10"]
[EventCountry "ESP"]
[SourceTitle "Candidates"]
[Source "ChessBase"]
[SourceDate "1999.07.01"]
[SourceVersion "2"]
[SourceVersionDate "1999.07.01"]
[SourceQuality "1"]

1. e4 e5 2. Nf3 Nf6 3. d4 Nxe4 4. Bd3 d5 5. Nxe5 Nd7 6. Nxd7 Bxd7 7. O-O Be7
$146 8. Qf3 $6 O-O $1 9. c3 (9. Bxe4 dxe4 10. Qxe4 Bc6 11. Qd3 Qd5 $17) (9. c4
Bc6 10. cxd5 Qxd5 11. Re1 f5 $36) 9... Bd6 $1 10. Nd2 (10. Bxe4 dxe4 11. Qxe4
Bb5 $1 12. Rd1 Re8 13. Qxb7 Be2 14. Re1 Ba6 15. Rxe8+ Qxe8 16. Qxa6 Qe1+ 17.
Qf1 Bxh2+ 18. Kxh2 Qxf1 $19) 10... f5 $1 (10... Ng5 $10) 11. c4 c6 12. Nb3 {
/\ Bf4} Qc7 13. h3 dxc4 14. Bxc4+ Kh8 15. Bd2 Rae8 $17 16. Rac1 Qb8 $1 (16...
b5 $2 17. Bxb5 Nxd2 18. Nxd2 Bh2+ 19. Kh1 Bf4 20. Qc3 $1 $16) (16... Nxd2 $6
17. Nxd2 Qb6 18. Qc3 $10 {/\ Nf3-e5}) 17. a4 Re7 $1 18. Rcd1 f4 $6 (18... Qe8
$2 19. Bf4 $10) (18... b6 $1 19. Nc1 (19. Rfe1 Qe8 $17) 19... f4 $1 20. Nd3 Qe8
$1 21. Ne5 Ng5 22. Qc3 Bxe5 23. dxe5 Rxe5 $19 24. Bxf4 $2 Nxh3+ $1 25. gxh3
Rxf4 26. Rxd7 Rg5+ $19) 19. Bd3 Bf5 20. Nc5 $1 Ng5 (20... Nxc5 21. dxc5 Bxc5
22. Bxf4 $10) 21. Qh5 Bxd3 (21... Bxc5 22. Bxf5 $1 $8 (22. dxc5 $2 Bxd3 23.
Qxg5 Re5 24. Bxf4 Rxg5 25. Bxb8 Bxf1 $19) 22... Rxf5 23. dxc5 $132) 22. Nxd3
Ne4 (22... Ne6 $5 23. Ne5 Bxe5 $15) 23. Rfe1 f3 24. gxf3 Nxd2 25. Rxd2 Rxe1+
26. Nxe1 Qd8 $44 27. Nd3 Qf6 28. Ne5 g6 (28... Kg8 $142 {Is better}) 29. Qh6
Bxe5 $2 $138 (29... Qf5 $142 $44 {/\ Kg8}) 30. dxe5 Qxf3 31. e6 Qe4 $4 $138 {
Yusupov} (31... Kg8 32. e7 Re8 33. Rd8 Qf7 34. Qg5 $16) (31... Qf6 $1 32. Qe3
$1 (32. f4 Rd8 $1 33. f5 $10) 32... Re8 33. Rd7 $1 Re7 $1 $8 (33... Qxe6 $2 34.
Qc3+ Qe5 35. Rd8 $18) (33... Rxe6 $2 34. Qh6 $18) 34. Rxe7 $1 (34. Qh6 Rxd7 35.
exd7 Qd6 $1 $15 {/\ Kg8}) 34... Qxe7 35. Qe5+ (35. Qxa7 $2 Qg5+ $10) 35... Kg8
$16) 1-0

[Event "GER CupT 9697 sf"]
[Site "Porz"]
[Date "1997.??.??"]
[Round "?.1"]
[White "Movsesian, Sergei"]
[Black "Hracek, Zbynek"]
[Result "1-0"]
[WhiteElo "2630"]
[BlackElo "2630"]
[Annotator "Knaak,R"]
[PlyCount "75"]
[EventDate "1997.??.??"]
[EventType "team"]
[EventRounds "1"]
[EventCountry "GER"]
[SourceTitle "GER-chT"]
[Source "ChessBase"]
[SourceDate "1999.07.01"]
[SourceVersion "1"]
[SourceVersionDate "1999.07.01"]
[SourceQuality "1"]

1. e4 e5 2. Nf3 Nf6 3. d4 Nxe4 4. Bd3 Nc6 5. dxe5 d5 6. exd6 $1 {Seit
Ivanchuk-Anand/Linares 1994, gilt die Variante als vorteilhaft für Weiß.
Hraceks Spiel zeigt keinerlei Ansätze, dieses Urteil zu erschüttern.} Nxd6 7.
Nc3 Be7 8. O-O O-O 9. Nd5 Bf5 10. Bf4 Bg6 11. c4 Ne8 12. Bxg6 hxg6 13. Re1 Bd6
14. Bg5 f6 (14... Nf6 15. a3 a5 16. Qc2 a4 17. Rad1 Ra5 18. Qc3 Rxd5 19. cxd5
Nb8 20. Qd4 $18 {Movsesian-Gagloschwili/Pardubice 1995}) 15. Be3 Rf7 16. Qc2 g5
17. Rad1 Qc8 18. c5 Bf8 19. Bxg5 $1 Qg4 (19... fxg5 20. Rxe8 Qxe8 21. Nxg5 g6
22. Qxg6+ Bg7 23. Ne6 $1 {Polzin}) 20. h3 Qh5 21. Be3 Ne5 22. Nxe5 fxe5 23. c6
b6 24. Qa4 {MultiMedia files not imported} Qg6 25. Nc3 a6 26. Rd7 Nf6 27. Rxf7
Qxf7 28. Bg5 Nh7 29. Bh4 Bd6 30. Ne4 b5 31. Nxd6 cxd6 32. Qa3 g5 33. Bg3 Qe6
34. Rd1 d5 35. Qc3 e4 36. c7 Rc8 37. Qd2 Nf6 38. Qxg5+ 1-0